Medzinárodné zmluvné právo diplomová práca

Salvato in:
Dettagli Bibliografici
Autore principale: Bálintová, Kristína
Ente Autore: Fakulta medzinárodných vzťahov EU. Katedra medzinárodného práva
Altri autori: Mráz, Stanislav
Natura: Libro
Lingua:slovacco
Pubblicazione: Bratislava 2010
Tags: Aggiungi Tag
Nessun Tag, puoi essere il primo ad aggiungerne!!

MARC

LEADER 00000nam a2200000 4500
001 0121319
005 20240318122659.7
041 0 |a slo 
044 |a SK 
245 1 0 |a Medzinárodné zmluvné právo  |b diplomová práca  |c Kristína Bálintová ; škol. Stanislav Mráz 
264 1 |a Bratislava  |c 2010 
300 |a 79 s. 
100 1 |a Bálintová, Kristína 
700 1 |a Mráz, Stanislav 
710 2 |a Fakulta medzinárodných vzťahov EU. Katedra medzinárodného práva